Bài tập lý thuyết mạch

Nội dung sách gồm Mạch điện, sơ đồ mạch điện và các phần tử của nó; Định luật Ôm và Kieckhop về mạch điện; Các loại mạch điện (hình sin, có thanh số phân bố, bốn cực, mạch lọc điện) và việc phân tích chúng...

Celý popis

Uloženo v:
Podrobná bibliografie
Médium: Kniha
Jazyk:Undetermined
Vydáno: Hà Nội Khoa học và Kỹ thuật 2004
Témata:
Tagy: Přidat tag
Žádné tagy, Buďte první, kdo otaguje tento záznam!
Thư viện lưu trữ: Trung tâm Học liệu Trường Đại học Cần Thơ
LEADER 00866nam a2200193Ia 4500
001 CTU_102501
008 210402s9999 xx 000 0 und d
020 |c 32000 
082 |a 621.3192 
082 |b B103 
245 0 |a Bài tập lý thuyết mạch 
245 0 |c Đỗ Huy Giác ... [ et al. ] 
260 |a Hà Nội 
260 |b Khoa học và Kỹ thuật 
260 |c 2004 
520 |a Nội dung sách gồm Mạch điện, sơ đồ mạch điện và các phần tử của nó; Định luật Ôm và Kieckhop về mạch điện; Các loại mạch điện (hình sin, có thanh số phân bố, bốn cực, mạch lọc điện) và việc phân tích chúng 
650 |a Electronic circuits 
904 |i Hiếu ,H.Mai 
980 |a Trung tâm Học liệu Trường Đại học Cần Thơ